000 00540nam a22001937a 4500
020 _a9789391946142
082 _aM 894.814 092
_bIND/P
100 _aIndira Lankesh
245 _aPulimavum Njanum/
_cby Indira Lankesh
260 _aKottayam:
_bSahithya Pravarthaka Cooperative Society,
_c2022.
300 _a158p.
650 _aBiography Indira Lankesh
650 _aBiography Literary Writer
650 _aBiography
650 _vLiterature Kannada
650 _vLiterature
700 _aSudhakaran Ramanthali (tr.)
942 _cBK
999 _c174216
_d174216